| 000 | 00546nam a2200181 i 4500 | ||
|---|---|---|---|
| 001 | 43648 | ||
| 003 | ES-MaACL | ||
| 007 | t| | ||
| 008 | 030318s1975 sp ||||1| spa d | ||
| 100 | 1 |
_aCatulo, Cayo Valerio. _937089 |
|
| 245 | 1 | 0 |
_aPoesías / _cCayo Valerio Catulo ; traducción y notas de Juan Petit ; introducción de Javier Roca. |
| 250 | _a[1ª ed.]. | ||
| 260 |
_aBarcelona : _bLumen, _c1975. |
||
| 300 |
_a228 p. ; _c23 cm. |
||
| 700 | 1 |
_aPetit, Juan. _991508 |
|
| 700 | 1 |
_aRoca, Javier. _997975 |
|
| 852 |
_aES-MaACL _jE-9740 _bR.93951 |
||
| 999 |
_c43648 _d43648 |
||